1552 1254 1528 1447 1634 1519 1795 1422 1724 1340 1828 1084 1511 1441 1862 1659 1730 1145 1314 1749 1791 1529 1803 1159 1819 1290 1829 1596 1064 1234 1848 1339 1806 1835 1076 1068 1852 1452 1548 1182 1110 1013 1848 1278 1647 1839 1405 1073 1662 1332 1492 1606 1998 2000 1670 1914 1654 1719 1537 1413 1510 1680 1429 1127 1661 1831 1860 1498 1494 1404 1678 1944 1244 1833 1660 1965 1498 1086 1396 1018 1673 1210 1284 1390 1204 1943 1111 1214 1548 1136 1293 1378 1745 1718 1678 1198 1584 1883 1116 BCNSPRNW ULIB Ver.6.0+V

เปลี่ยนเป็นภาษาไทย

Change to English
 แสดงรายละเอียดบรรณานุกรม
  กลับหน้าหลัก

Brief Record : Get Marc (ISO 2709) : E-mail record : QR code < ปิดหน้าต่าง
LEADER : 00000nam 2200000uu 4500
001    13399112963
003     ULIB
008    110920s2554||||th 000 0 tha d
020    9786165001328
090    นว.^bซ116ค
100 0  ซ่อนกลิ่น
245 00 คุณชายรัชชานนท์/^cซ่อนกลิ่น
250    พิมพ์ครั้งที่ 4
260    กรุงเทพฯ :^bพิมพ์คำ,^c2554
300    451 หน้า
490 0  นวนิยายชุด สุภาพบุรุษจุฑาเทพ
945    ^p270^l0^i18627
995    กัณชพร
999    ^aใช้งานได้ทุกระบบ
รายการนี้ยังไม่มีแท็ก
คุณยังไม่ได้ล็อกอิน คุณสามารถมีกิจกรรมร่วมกับเว็บไซต์ได้ แต่ต้องล็อกอินก่อน ::
  ล็อกอิน

รายการสื่อสารสนเทศ

ลำดับที่ ประเภท เลขเรียก/บาร์โค้ด สถานที่ สถานะ
1. นวนิยาย
นวนิยาย
นว. ซ116ค  
  Barcode: 18627
ห้องสมุดวิทยาเขตสวรรค์ประชารักษ์
►นวนิยาย
บนชั้น
  ขอยืม

รายการใกล้เคียง
    ผู้แต่ง [ซ่อนกลิ่น]

BibComment


ยังไม่เคยถูกคอมเมนท์

คอมเมนท์ทรัพยากรรายการนี้
  คอมเมนท์: คุณชายรัชชานนท์ ซ..


 Copyright 2026. Bcnsprnw @Library